<?xml version="1.0" encoding="UTF-8"?>
<collection xmlns="http://www.loc.gov/MARC21/slim">
 <record>
  <leader>01613nam a2200205Ia 4500</leader>
  <controlfield tag="001">CTU_226451</controlfield>
  <controlfield tag="008">210402s9999    xx            000 0 und d</controlfield>
  <datafield tag="082" ind1=" " ind2=" ">
   <subfield code="a">895.6</subfield>
  </datafield>
  <datafield tag="082" ind1=" " ind2=" ">
   <subfield code="b">M928</subfield>
  </datafield>
  <datafield tag="245" ind1=" " ind2="0">
   <subfield code="a">Mountain/Home :</subfield>
  </datafield>
  <datafield tag="245" ind1=" " ind2="0">
   <subfield code="b">New translations from Japan</subfield>
  </datafield>
  <datafield tag="245" ind1=" " ind2="0">
   <subfield code="c">Frank Stewart (series editor) ; Leza Lowitz (guest editor)</subfield>
  </datafield>
  <datafield tag="260" ind1=" " ind2=" ">
   <subfield code="a">New York</subfield>
  </datafield>
  <datafield tag="260" ind1=" " ind2=" ">
   <subfield code="b">University of Hawaii Press</subfield>
  </datafield>
  <datafield tag="260" ind1=" " ind2=" ">
   <subfield code="c">2017</subfield>
  </datafield>
  <datafield tag="520" ind1=" " ind2=" ">
   <subfield code="a">Mountain/Home presents new translations of Japanese literature from the country’s medieval period to the present. The narrative arc of the selections follows the evolution of Japan’s national self-image. Because Mount Fuji, more than any other national symbol, has represented the soul of Japan, Mountain/Home begins with works inspired by the mountain’s presence. They include excerpts from some of the first literary works in which Mount Fuji appears: the mysterious Tale of the Bamboo Cutter, early court poetry, and the Confessions of Lady Nijо̄, among others. These works are followed by a chapter from Lady Murasaki’s brilliant novel, The Tale of Genji, and Edo-period haiku by Bashо̄ and Issa. In the twentieth century, Japan went through its darkest years. But out of the trauma of militarism, war, devastation, and defeat came outstanding fiction by Dazai Osamu and Natsume Sо̄seki, as well as avant-garde poetry by Yoshioka Minoru and Ayukawa Nobuo.</subfield>
  </datafield>
  <datafield tag="650" ind1=" " ind2=" ">
   <subfield code="a">Japanese literature,Văn học Nhật Bản</subfield>
  </datafield>
  <datafield tag="650" ind1=" " ind2=" ">
   <subfield code="x">History and criticism,Lịch sử và phê bình</subfield>
  </datafield>
  <datafield tag="910" ind1=" " ind2=" ">
   <subfield code="b">nthai</subfield>
  </datafield>
  <datafield tag="980" ind1=" " ind2=" ">
   <subfield code="a">Trung tâm Học liệu Trường Đại học Cần Thơ</subfield>
  </datafield>
 </record>
</collection>
